TriBand flags - Sudden Death - Statistics

General Stats
  • This quiz has been taken 25 times
  • The average score is 14 of 23
Answers on the Grid
Answers color-coded by a green-red scale on the quiz's grid according to % correct below.
Armenia
Austria
Belgium
Central African Republic
Chad
Colombia
Costa Rica
Estonia
France
Germany
Greece
Guinea Bissau
Hungary
Ireland
Italy
Ivory Coast
Japan
Kazakhstan
Latvia
Liechtenstein
Lithuania
Luxembourg
Maldives
Mali
Mauritius
Netherlands
Nigeria
Pakistan
Peru
Romania
Russia
Sierra Leone
South Africa
South Korea
Sri Lanka
Sweden
Tanzania
Thailand
United Arab Emirates
United States
Uruguay
Vanuatu
Vatican City
Yemen
Zimbabwe
 
Answer Stats
Answer % Correct
Austria
88%
Belgium
88%
Italy
88%
Chad
81%
France
81%
Germany
81%
Hungary
75%
Ireland
75%
Colombia
69%
Estonia
69%
Romania
69%
Russia
69%
Netherlands
63%
Armenia
56%
Latvia
56%
Luxembourg
56%
Ivory Coast
50%
Lithuania
50%
Nigeria
38%
Peru
38%
Mali
31%
Sierra Leone
19%
Yemen
13%
No matching quizzes found
Score Distribution
Percent of People with Each Score
Percentile by Number Answered
Your Score History
You have not taken this quiz